LEADER 01350nam0 22003133i 450 001 SUN0098673 005 20140714121502.971 010 $a978-88-348-8445-4$d0.00 100 $a20140714d2008 |0itac50 ba 101 $aita 102 $aIT 105 $a|||| ||||| 200 1 $aˆLa ‰tutela del risparmio nella riforma dell'ordinamento finanziario$ecommento alla legge 28 dicembre 2005, n. 262 e ai provvedimenti attuativi$fa cura di Lorenzo De Angelis e Nicola Rondinone 205 $aTorino : Giappichelli$b2008 210 $aXXIV$d741 p. ; 24 cm + 1 CD-ROM 215 $aFondo SSPL. 606 $aRisparmio$xTutela$2SG$3SUNC029912 620 $dTorino$3SUNL000001 676 $a346.4509$v21 702 1$aRondinone$b, Nicola$3SUNV000493 702 1$aDe Angelis$b, Lorenzo$3SUNV008289 712 $aGiappichelli$3SUNV000045$4650 801 $aIT$bSOL$c20181109$gRICA 856 4 $uhttp://www.giappichelli.it/stralci/3488445.pdf 912 $aSUN0098673 950 $aUFFICIO DI BIBLIOTECA DEL DIPARTIMENTO DI GIURISPRUDENZA$d00 CONS SSPL.448 $e00 SPL694 995 $aUFFICIO DI BIBLIOTECA DEL DIPARTIMENTO DI GIURISPRUDENZA$gSPL$h694$kCONS SSPL.448$op$qa 996 $aTutela del risparmio nella riforma dell'ordinamento finanziario$959214 997 $aUNICAMPANIA LEADER 03280oas 2201333 a 450 001 9910131803303321 005 20260203110035.0 011 $a0942-0940 035 $a(OCoLC)60637701 035 $a(CONSER) 2007233534 035 $a(CKB)954925374812 035 $a(DE-599)ZDB1464215-3 035 $a(MiAaPQ)54053 035 $a(DE-599)1464215-3 035 $a(EXLCZ)99954925374812 100 $a20050615a19509999 sy 101 0 $aeng 135 $aurun||||||||| 181 $ctxt$2rdacontent 182 $cc$2rdamedia 183 $acr$2rdacarrier 200 10$aActa neurochirurgica 210 $aVienna ;$aNew York $cSpringer-Verlag 300 $aRefereed/Peer-reviewed 311 08$a0001-6268 606 $aNervous system$xSurgery$vPeriodicals 606 $aNervous system$xSurgery$xPeriodicals 606 $aNervous system$xPeriodicals 606 $aNeurosurgery 606 $aNeurochirurgie$vPe?riodiques 606 $aNervous system$xSurgery$2fast$3(OCoLC)fst01036143 606 $aHealth$2galestne 606 $aNeurochirurgie$2gnd 606 $aBericht$2gnd 606 $aOnline-Ressource$2gnd 606 $aNervensystem$2gnd 606 $aKrankheit$2gnd 606 $aChirurgische Krankheit$2gnd 606 $aZeitschrift$2gnd 606 $aNeurochirurgie$2gtt 606 $aSistema nerviós$2thub 606 $aNeurocirurgia$2thub 606 $aNeurologia$2thub 608 $aPeriodical. 608 $aperiodicals.$2aat 608 $aPeriodicals.$2fast 608 $aPeriodicals.$2lcgft 608 $aPe?riodiques.$2rvmgf 608 $aZeitschrift$2swd 608 $aOnline-Publikation$2swd 608 $aRevistes electròniques.$2thub 615 0$aNervous system$xSurgery 615 1$aNervous system$xSurgery$xPeriodicals. 615 1$aNervous system$xPeriodicals. 615 2$aNeurosurgery. 615 6$aNeurochirurgie 615 7$aNervous system$xSurgery. 615 7$aHealth. 615 7$aNeurochirurgie 615 7$aBericht. 615 7$aOnline-Ressource 615 7$aNervensystem 615 7$aKrankheit 615 7$aChirurgische Krankheit 615 7$aZeitschrift. 615 17$aNeurochirurgie. 615 7$aSistema nerviós. 615 7$aNeurocirurgia. 615 7$aNeurologia. 676 $a617.48 801 0$bOCLCS 801 1$bOCLCS 801 2$bOCL 801 2$bGUA 801 2$bCOO 801 2$bOH1 801 2$bNLM 801 2$bMUQ 801 2$bOCLCQ 801 2$bMYG 801 2$bUKMGB 801 2$bOCLCQ 801 2$bBUF 801 2$bOCLCQ 801 2$bOCLCF 801 2$bOCLCQ 801 2$bDEFHM 801 2$bOCLCO 801 2$bOCLCA 801 2$bAU@ 801 2$bOCLCO 801 2$bOCLCA 801 2$bVT2 801 2$bOCLCA 801 2$bUBY 801 2$bOCLCQ 801 2$bUAB 801 2$bAUD 801 2$bDXU 801 2$bOCLCL 801 2$bOCLCA 801 2$bUEJ 801 2$bCCT 801 2$bLIP 801 2$bLVT 801 2$bZ5A 801 2$bCNTRU 801 2$bW2U 801 2$bAAE 801 2$bOCLCQ 906 $aJOURNAL 912 $a9910131803303321 996 $aActa neurochirurgica$92051354 997 $aUNINA